Every 100,000+ City in Slovakia & Slovenia in Order - Statistics

General Stats
  • This quiz has been taken 53 times
  • The average score is 5 of 6
Answer Stats
Letter Population City % Correct
B 534,329 Bratislava
100%
L 335,296 Ljubljana
98%
K 254,825 Košice
96%
M 120,466 Maribor
93%
Z 109,341 Žilina
62%
P 113,154 Prešov
58%
No matching quizzes found
Score Distribution
Percent of People with Each Score
Percentile by Number Answered
Your Score History
You have not taken this quiz